| 000 | 00485nam a22001691a 4500 | ||
|---|---|---|---|
| 001 | 5760 | ||
| 003 | OSt | ||
| 005 | 20260204212027.0 | ||
| 008 | 060209s1992||||dr ||||||b||||||||||spa|| | ||
| 050 | _aRD 340.9 R299c | ||
| 110 | _aRepública Dominicana | ||
| 245 | _aCódigo de derecho internacional privado: gaceta oficial No. 4042 / Emilio García R. | ||
| 264 | _aSanto Domingo : Congreso Nacional | ||
| 300 | _a70 p | ||
| 650 | _a1.Derecho Internacional PrivadoÌ | ||
| 942 |
_2ddc _cBK |
||
| 999 |
_c5760 _d5760 |
||